Κατάλογος Βιβλιοθηκών Mediterranean College

Καινοτομία Επιχειρηματικού Προτύπου (Record no. 8270)

MARC details
000 -LEADER
fixed length control field 02979cam a22002174a 4500
005 - ΗΜΕΡΟΜΗΝΙΑ ΚΑΙ ΩΡΑ ΤΕΛΕΥΤΑΙΑΣ ΕΝΗΜΕΡΩΣΗΣ
Πεδίο ελέγχου 20250605164331.0
008 - FIXED-LENGTH DATA ELEMENTS--GENERAL INFORMATION
Πεδίο ελέγχου σταθερού μήκους 250528s ||||||||||||||||||||||||d
035 ## - SYSTEM CONTROL NUMBER
System control number 23241
020 ## - ISBN
ISBN 9786185242329
040 ## - ΠΗΓΗ ΚΑΤΑΛΟΓΟΓΡΑΦΗΣΗΣ
Φορέας πρωτότυπης καταλογογράφησης MC Athens Campus Library
Γλώσσα καταλογογράφησης Ελληνικά, Μοντέρνα (1453-)
Modifying agency MC Athens Campus Library
Κανόνες περιγραφικής καταλογογράφησης AACR2
245 1# - ΤΙΤΛΟΣ ΚΑΙ ΔΗΛΩΣΗ ΥΠΕΥΘΥΝΟΤΗΤΑΣ
Τίτλος Καινοτομία Επιχειρηματικού Προτύπου
250 ## - EDITION STATEMENT
Edition statement
260 ## - PUBLICATION, DISTRIBUTION, ETC.
Name of publisher, distributor, etc. Δίσιγμα,
Date of publication, distribution, etc. 2018
300 ## - PHYSICAL DESCRIPTION
Extent 184
520 ## - SUMMARY, ETC.
Summary, etc. Το συγκεκριμένο βιβλίο παρουσιάζει την ανάπτυξη και εμπειρική εφαρμογή ενός εννοιολογικού πλαισίου για την αξιολόγηση της καινοτομίας επιχειρηματικού προτύπου μικρομεσαίων επιχειρήσεων, εξετάζοντας ταυτόχρονα την επιρροή του οργανωσιακού σχεδιασμού ως βασικό αίτιο της επιχειρηματικής αριστείας. Πρόλογος, Βασικές Έννοιες, Επιχειρηματικό Πρότυπο Καινοτομίας, Στάση και Ροπή και Απόδοση Καινοτομίας, Μέτρηση και Διαχείριση Καινοτομίας, Καινοτομία και Επιχειρηματικότητα, Συστήματα Καινοτομίας και Επιχειρηματικότητας, Βιώσιμα Επιχειρηματικά Πρότυπα, Στρατηγική και Βιώσιμα Επιχειρηματικά Πρότυπα, Μοντέλο DUCCK, Οργανωσιακός Σχεδιασμός και Επιχειρηματική Αριστεία, Βιώσιμη Καινοτομία Επιχειρηματικού Προτύπου, Μελέτες Περιπτώσεων, Εκπαιδευτικός Κλάδος, Κλάδος Υγείας, Μεταφορές, Αγροτικός Κλάδος, Οικονομικός Κλάδος, Πλατφόρμες Ανοικτής Καινοτομίας, Κλάδος Φιλοξενίας, Μεταποίηση, Τεχνολογίες Πληροφορικής και Επικοινωνιών, Κοινωνικό Επιχειρηματικό Π΄ροτυπο Καινοτομίας, Επιχειρηματικά Πρότυπα Καινοτομίας για Κοινωνική Καινοτομία, Κοινωνική Καινοτομία με Βάση την Τετραπλή Έλικα, Ελληνικό Σύστημα Έρευνας και Καινοτομίας, Επιδόσεις Ελληνικού Συστήματος Καινοτομίας. Ανάλυση SWOT, Επιχειρηματικό Πρότυπο Καινοτομίας και Ελληνικές ΜΜΕ, Μικρομεσαίες Επιχειρήσεις στην Ελληνική Οικονομία.
700 1# - ΠΡΟΣΘΕΤΗ ΑΝΑΓΡΑΦΗ--ΦΥΣΙΚΟ ΠΡΟΣΩΠΟ
Personal name Βλιάμος Σπύρος
9 (RLIN) 8679
700 1# - ΠΡΟΣΘΕΤΗ ΑΝΑΓΡΑΦΗ--ΦΥΣΙΚΟ ΠΡΟΣΩΠΟ
Personal name Καραγιάννης Ηλίας
9 (RLIN) 8828
942 ## - ADDED ENTRY ELEMENTS (KOHA)
Koha item type Books
Holdings
Τύπος τεκμηρίου Βιβλιοθήκη Τρέχουσα τοποθεσία Barcode Αριθμός εισαγωγής Ημερομηνία απόκτησης Ταξιθετικό σύμβολο Αριθμός αντιτύπου Κατάσταση απόσυρσης Κατάσταση χαμένου Κατάσταση κατεστραμμένου Μη δανεισμός Σύνολο δανεισμών Ημερομηνία τελευταίας εμφάνισης Η τιμή ισχύει από
Books MC Athens Campus Library MC Athens Campus Library 9780000082695 7551 05/06/2025 658.421 VLI 1           05/06/2025 05/06/2025

MC Athens Campus Library
Πατησίων 94 & Κοδριγκτώνος 13, 104 34
Πελλήνης 8 & Πατησίων 107, 112 51
Τ: +30 210 8899600

MC Thessaloniki Campus Library
Ίωνος Δραγούμη 21, 54625 | Ίωνος Δραγούμη 15, 54625
Τ: +30 2310 287779 – Τ: +30 2314 440300